| 000 | 00776cam a22002533a 4500 | ||
|---|---|---|---|
| 001 | 12145 | ||
| 003 | PGUSA | ||
| 005 | 20140828083245.0 | ||
| 008 | 040401s2004||||xxu|||||s|||||000 p eng d | ||
| 040 |
_aPGUSA _beng |
||
| 042 | _adc | ||
| 050 | 4 | _aPR | |
| 100 | 1 |
_aWordsworth, William, _d1770-1850 |
|
| 245 | 1 | 4 |
_aThe Poetical Works of William Wordsworth — Volume 2 _h[electronic resource] / _cWilliam Wordsworth |
| 260 |
_bProject Gutenberg, _c2004 |
||
| 506 | _aPublic domain in the USA. | ||
| 516 | _aElectronic text | ||
| 653 | _aEnglish poetry -- 18th century | ||
| 653 | _aEnglish poetry -- 19th century | ||
| 700 | 1 |
_aKnight, William Angus, _d1836-1916 |
|
| 830 | 0 |
_aProject Gutenberg _v12145 |
|
| 856 | 4 | 0 | _uhttp://www.gutenberg.org/ebooks/12145 |
| 942 | _cEB | ||
| 999 |
_c241400 _d241400 |
||